000 00350nam a2200157Ia 4500
003 Ost
005 20260225132543.0
008 260225s9999||||xx |||||||||||||| ||und||
040 _cfsic
041 _afre
082 _a440
100 _aLuc Wilkin
_eAuteur
245 0 _aTechonologies de l'information /
245 0 _cLuc Wilkin
942 _cكتاب
999 _c33618
_d33618